000 00947nam a2200277Ia 4500
003 OSt
005 20220930093027.0
006 a|||||r|||| 00| 0
007 ta
008 220926b |||||||| |||| 00| 0 eng d
024 _a28392
037 _cTheses
040 _aCRL
_cCRL
_beng
041 _2eng
_aeng
100 _aKaur Manpreet
_9550405
110 _aUinversity of Delhi. Faculty of Arts. Library and information Science
_9550406
245 0 _aUse of electronic resources by users in select libraries of management insititutions in national capital region
260 _c2015
300 _axvi, 549
_ap.
_ccm.
650 _a LIBRARY MANAGEMENT
_9449000
650 _aELECTRONIC RESOURCES
_9550407
700 _a Walia Paramjeet K. Gu.
_9550408
700 _aUinversity of Delhi. Faculty of Arts. Library and information Science
_9550409
942 _cDIS
_2CC
999 _c884685
_d884685